|
|
|
|
| LEADER |
00000nam0a2200000 4500 |
| 001 |
244141 |
| 005 |
20231101232028.0 |
| 010 |
|
|
|a 9785437700228
|
| 035 |
|
|
|a (RuTPU)RU\TPU\book\265522
|
| 090 |
|
|
|a 244141
|
| 100 |
|
|
|a 20131016d2013 m y0rusy50 ca
|
| 101 |
0 |
|
|a rus
|
| 102 |
|
|
|a RU
|
| 105 |
|
|
|a a j 001zy
|
| 200 |
1 |
|
|a Товароведение, экспертиза в таможенном деле
|e учебное пособие
|f А. В. Виноградова [и др.]
|g под ред. Е. Л. Богдановой
|
| 210 |
|
|
|a Санкт-Петербург
|c Троицкий мост
|d 2013
|
| 215 |
|
|
|a 389 с.
|c ил.
|
| 320 |
|
|
|a Библиогр.: с. 366-370.
|
| 330 |
|
|
|a Учебное пособие затрагивает вопросы общей теории товароведения: классификации и кодирования, качества товаров, градаций качества; стандартизации и подтверждения соответствия, экспертизы товаров в таможенном деле. В пособии дан краткий обзор основных товарных групп с учетом присутствия на российском рынке значительного количества товаров зарубежного производства, а также требований, предъявляемых к товарам, пересекающим границы Таможенного союза и находящихся в обращении на единой таможенной территории. Учебное пособие предназначено для студентов, обучающихся по специальности 036401 «Таможенное дело».
|
| 606 |
1 |
|
|a Таможенное дело
|x Экономика
|2 stltpush
|3 (RuTPU)RU\TPU\subj\69328
|9 84236
|
| 606 |
1 |
|
|a Товароведение
|2 stltpush
|3 (RuTPU)RU\TPU\subj\69426
|9 84277
|
| 610 |
1 |
|
|a товары
|
| 610 |
1 |
|
|a качество
|
| 610 |
1 |
|
|a классификация
|
| 610 |
1 |
|
|a кодирование
|
| 610 |
1 |
|
|a стандартизация
|
| 610 |
1 |
|
|a идентификация
|
| 610 |
1 |
|
|a экспертиза
|
| 610 |
1 |
|
|a продовольственные товары
|
| 610 |
1 |
|
|a непродовольственные товары
|
| 610 |
1 |
|
|a таможенное декларирование
|
| 610 |
1 |
|
|a таможенная деятельность
|
| 610 |
1 |
|
|a учебные пособия
|
| 675 |
|
|
|a 620.2(075.8)
|v 3
|
| 686 |
|
|
|a У9(2)428я73
|v LBC/SL-A
|2 rubbk
|
| 701 |
|
1 |
|a Виноградова
|b А. В.
|g Анна Вячеславовна
|
| 701 |
|
1 |
|a Котоменкова
|b О. Г.
|g Ольга Геннадьевна
|
| 701 |
|
1 |
|a Петрова
|b Т. Б.
|g Татьяна Борисовна
|
| 701 |
|
1 |
|a Потина
|b Г. В.
|g Галина Владимировна
|
| 701 |
|
1 |
|a Пятковская
|b Е. Ю.
|g Елена Юрьевна
|
| 702 |
|
1 |
|a Богданова
|b Е. Л.
|4 340
|
| 801 |
|
1 |
|a RU
|b 63413507
|c 20131016
|
| 801 |
|
2 |
|a RU
|b 63413507
|c 20150529
|g RCR
|
| 942 |
|
|
|c BK
|
| 959 |
|
|
|a 134/20131015
|d 2
|e 630,00
|f ЧЗГЛ:1
|f АНЛ:1
|